A checklist of plantation trials in Peninsular Malaysia

Bibliographic Details
Main Author: SELVARAJ
Corporate Author: Forest Research Institute (FRIM)
Other Authors: Muhammad bin Abu Bakar
Format: Book
Published: Kuala Lumpur : Forestry Department Peninsular Malaysia , 1980
Series:Research pamphlet ; no. 79
Subjects:

MARC

LEADER 00000cam a2200000 7i4500
001 0000002994
005 20040330.0
090 0 0 |a RP 634.956   |b SEL 1980 
100 1 0 |a SELVARAJ   |h Patrick 
245 0 2 |a A checklist of plantation trials in Peninsular Malaysia   |c Patrick Selvaraj & Muhammad bin Abu Bakar 
260 0 0 |a Kuala Lumpur :   |b Forestry Department Peninsular Malaysia ,   |c 1980 
300 |a 100 p. ;   |c 30 cm. 
440 0 0 |a Research pamphlet ; no. 79 
650 0 0 |a Forests and forestry   |z Peninsular Malaysia 
700 0 1 |a Muhammad bin Abu Bakar 
710 1 1 |a Forest Research Institute (FRIM) 
998 |a JPSM 
999 |a 0000005273   |b Monograph   |c Open Shelf   |e Default branch 
999 |a 0000005274   |b Monograph   |c Open Shelf   |e Default branch 
999 |a 0000005275   |b Monograph   |c Open Shelf   |e Default branch